| 000 -LEADER |
| fixed length control field |
00570nam a2200205Ia 4500 |
| 001 - CONTROL NUMBER |
| control field |
14268 |
| 003 - CONTROL NUMBER IDENTIFIER |
| control field |
GE_BSU |
| 005 - DATE AND TIME OF LATEST TRANSACTION |
| control field |
20221121145046.0 |
| 008 - FIXED-LENGTH DATA ELEMENTS--GENERAL INFORMATION |
| fixed length control field |
181216s2010||||enk|||||||||||||| ||eng|| |
| 020 ## - INTERNATIONAL STANDARD BOOK NUMBER |
| International Standard Book Number |
9781843174615x |
| 040 ## - CATALOGING SOURCE |
| Transcribing agency |
GE_BSU |
| 041 ## - LANGUAGE CODE |
| Language code of text/sound track or separate title |
eng |
| 080 ## - UNIVERSAL DECIMAL CLASSIFICATION NUMBER |
| Universal Decimal Classification number |
1 L-62 |
| 100 ## - MAIN ENTRY--PERSONAL NAME |
| Personal name |
Levene, Lesley |
| 9 (RLIN) |
15967 |
| 245 ## - TITLE STATEMENT |
| Title |
I Think, Therefore I Am: All the Philosophy. You Need to Know / |
| Statement of responsibility, etc. |
Lesley, Levene. |
| 264 ## - PRODUCTION, PUBLICATION, DISTRIBUTION, MANUFACTURE, AND COPYRIGHT NOTICE |
| Place of production, publication, distribution, manufacture |
London : |
| Name of producer, publisher, distributor, manufacturer |
Michael o' Mara books limited, |
| Date of production, publication, distribution, manufacture, or copyright notice |
2010. |
| 300 ## - PHYSICAL DESCRIPTION |
| Extent |
191 p.; |
| Other physical details |
19 cm. |
| 653 ## - INDEX TERM--UNCONTROLLED |
| keyword |
ფილოსოფია |
| 942 ## - ADDED ENTRY ELEMENTS (KOHA) |
| Koha item type |
წიგნი |
| Source of classification or shelving scheme |
|